| 000 | 00383nam a2200145Ia 4500 | ||
|---|---|---|---|
| 005 | 20250317025254.0 | ||
| 008 | 240331s9999 xx 000 0 und d | ||
| 082 |
_bKAI _a894 |
||
| 100 | _aKailasapathy | ||
| 245 | 0 |
_aKailasapathy : _bthalamum vlamum |
|
| 260 |
_aColombo _bTechno Printers _c2005 |
||
| 300 | _a164 p ., | ||
| 650 | _aKailasapathi - Sila Ninaivuk kuruppukal | ||
| 942 | _cL | ||
| 999 |
_c4224 _d4224 |
||